[Event "Cheliabinsk Shusharin Memorial Rapid"]
[Site "Cheliabinsk"]
[Date "2023.11.15"]
[Round "1"]
[White "Afanasiev, Nikita"]
[Black "Nurdinov, Iliya"]
[Result "1/2-1/2"]
[WhiteElo "2534"]
[BlackElo "2087"]
[PlyCount "124"]
[EventDate "2023.11.15"]
[EventType "swiss (rapid)"]
[EventRounds "11"]
[EventCountry "RUS"]
[SourceTitle "CB47_2023"]
[SourceDate "2023.11.22"]
[SourceVersion "1"]
[SourceVersionDate "2023.11.22"]
[SourceQuality "1"]

1. Nf3 d5 2. g3 g6 3. c4 dxc4 4. Na3 Bg7 5. Nxc4 Nc6 6. Bg2 e5 7. d3 Nge7 8. 0-0 0-0 9. Rb1 a5 10. a3 Re8 11. b4 axb4 12. axb4 Nf5 13. Nfd2 Nfd4 14. b5 Ne7 15. e3 Ne6 16. Bb2 Qxd3 17. Bxe5 Rd8 18. Bxg7 Kxg7 19. Rb3 Qd7 20. Qb1 Nc5 21. Rc3 Nd5 22. Rc2 Qe7 23. Nb3 Nxb3 24. Qxb3 Be6 25. Qb2+ Kg8 26. Ne5 Ra4 27. Rc4 Rxc4 28. Nxc4 Qb4 29. Qd4 Qe7 30. Rd1 Rd7 31. Qa1 Nb6 32. Rxd7 Qxd7 33. Nxb6 cxb6 34. Qb1 Bc4 35. Bf1 Bxf1 36. Qxf1 Qd5 37. Qe2 h5 38. e4 Qc5 39. Kg2 Qe7 40. f4 h4 41. g4 Qa3 42. g5 Qb3 43. f5 gxf5 44. exf5 Qd5+ 45. Kh3 Qxf5+ 46. Kxh4 Qf4+ 47. Kh5 Qf5 48. h4 Kg7 49. Qb2+ Kg8 50. Qd4 Qxb5 51. Qd8+ Kh7 52. Kg4 Qe2+ 53. Kf5 Qe6+ 54. Kf4 Qc4+ 55. Ke5 Qe6+ 56. Kf4 Qc4+ 57. Kg3 Qb3+ 58. Kg4 Qc4+ 59. Kf3 Qb3+ 60. Ke4 Qe6+ 61. Kf4 Qc4+ 62. Kf5 Qe6+ 1/2-1/2

[Event "RUS-chT2"]
[Site "Sochi"]
[Date "2023.05.02"]
[Round "2.1"]
[White "Kuzmin, Roman"]
[Black "Nurdinov, Iliya"]
[Result "1/2-1/2"]
[WhiteElo "2238"]
[BlackElo "2079"]
[PlyCount "102"]
[EventDate "2023.05.01"]
[EventType "team-swiss"]
[EventRounds "9"]
[EventCountry "RUS"]
[SourceTitle "CBM 214 Extra"]
[Source "ChessBase"]
[SourceDate "2023.07.31"]
[SourceVersion "1"]
[SourceVersionDate "2023.07.31"]
[SourceQuality "1"]
[WhiteTeam "Sverdlovsk Region Malakhit"]
[BlackTeam "Saratov Muromtsev"]
[WhiteTeamCountry "RUS"]
[BlackTeamCountry "RUS"]

1. e4 e5 2. Nf3 Nc6 3. d4 exd4 4. Nxd4 Nf6 5. Nxc6 bxc6 6. e5 Qe7 7. Qe2 Nd5 8. h4 f6 9. c4 Ba6 10. Rh3 Nb6 11. exf6 Qxe2+ 12. Bxe2 Bxc4 13. fxg7 Bxg7 14. Bh5+ Kd8 15. Nc3 Nd5 16. Nxd5 Bxd5 17. Bg5+ Kc8 18. 0-0-0 Rf8 19. Rd2 Be6 20. Rhd3 Rb8 21. Bf3 Rf5 22. b3 Rc5+ 23. Kd1 a5 24. Be3 Rcb5 25. Ba7 Ra8 26. Bd4 Bh6 27. Be3 Bg7 28. Bd4 Bf8 29. Re2 Kb7 30. Re5 Rb4 31. Bc3 Rxh4 32. Rxa5 Rh1+ 33. Ke2 Rxa5 34. Bxa5 Ra1 35. Rd2 Bh6 36. Rc2 Bf5 37. Bc3 Rg1 38. Rb2 Bc1 39. Rd2 Bxd2 40. Kxd2 Be6 41. Kc2 Bd5 42. Bxd5 cxd5 43. g3 c5 44. Kd3 d4 45. Bd2 Ra1 46. a4 Rb1 47. b4 cxb4 48. Kxd4 Rd1 49. Ke3 b3 50. Bc3 Rd5 51. Ke4 Rd2 1/2-1/2

[Event "Cheliabinsk Lozovatsky Memorial-A"]
[Site "Cheliabinsk"]
[Date "2023.02.05"]
[Round "10"]
[White "Maneluk, Daniil"]
[Black "Nurdinov, Iliya"]
[Result "1-0"]
[WhiteElo "2306"]
[BlackElo "2005"]
[PlyCount "71"]
[EventDate "2023.01.27"]
[EventType "swiss"]
[EventRounds "10"]
[EventCountry "RUS"]
[SourceTitle "CBM 212 Extra"]
[Source "ChessBase"]
[SourceDate "2023.03.31"]
[SourceVersion "1"]
[SourceVersionDate "2023.03.31"]
[SourceQuality "1"]

1. e4 e5 2. Nf3 Nf6 3. Nxe5 d6 4. Nf3 Nxe4 5. d4 d5 6. Bd3 Bf5 7. Nc3 Bb4 8. 0-0 0-0 9. Ne2 Nd7 10. Ng5 Bg6 11. f4 Bf5 12. c3 Bd6 13. Bxe4 Bxe4 14. Ng3 Nf6 15. N5xe4 dxe4 16. Qb3 Rb8 17. h3 Qd7 18. Be3 c6 19. Rae1 Rfe8 20. Rf2 h5 21. Qd1 h4 22. Nh5 Qf5 23. Nxf6+ gxf6 24. Kh1 Kg7 25. Rfe2 Qh5 26. f5 Qxf5 27. Rf2 Qg6 28. Ref1 Re6 29. Rf5 Rg8 30. Qe2 Kf8 31. Bf4 Be7 32. c4 Rg7 33. Bh2 Bd6 34. d5 Bxh2 35. dxe6 Be5 36. Qd2 1-0

[Event "Saratov Shestoperov Memorial"]
[Site "Saratov"]
[Date "2014.06.23"]
[Round "8"]
[White "Nurdinov, Iliya"]
[Black "Ibadov, Dashgyn"]
[Result "1/2-1/2"]
[WhiteElo "1927"]
[BlackElo "1899"]
[PlyCount "148"]
[EventDate "2014.06.16"]
[EventType "swiss"]
[EventRounds "9"]
[EventCountry "RUS"]
[SourceTitle "CBM 161 Extra"]
[Source "ChessBase"]
[SourceDate "2014.08.29"]
[SourceVersion "1"]
[SourceVersionDate "2014.08.29"]
[SourceQuality "1"]

1. d4 e6 2. Nf3 f5 3. g3 Nf6 4. Bg2 d5 5. 0-0 Bd6 6. c4 c6 7. b3 Qe7 8. Bf4 Bxf4 9. gxf4 0-0 10. Nbd2 Ne4 11. e3 Bd7 12. Ne5 Be8 13. Nxe4 fxe4 14. Qg4 Nd7 15. f3 Nxe5 16. fxe5 exf3 17. Rxf3 Rxf3 18. Bxf3 Bg6 19. cxd5 cxd5 20. Rc1 Rf8 21. Bg2 Bf5 22. Qg3 h6 23. Rc5 b6 24. Rc1 Qd7 25. Qe1 Rc8 26. a4 Rxc1 27. Qxc1 Qe7 28. Qc3 Qg5 29. Qe1 Qg4 30. Kf1 Bd3+ 31. Kg1 Be4 32. Qd2 Bxg2 33. Qxg2 Qd1+ 34. Kf2 Qc2+ 35. Kf3 Qf5+ 36. Ke2 Kh8 37. Kd2 a5 38. e4 dxe4 39. Ke3 Kg8 40. h4 Kf7 41. h5 Qxh5 42. Qxe4 Qh3+ 43. Ke2 Qh2+ 44. Kd1 Qg1+ 45. Kd2 Qf2+ 46. Kc3 Qg3+ 47. Kc4 Kg8 48. d5 exd5+ 49. Qxd5+ Kh7 50. Kb5 Qg5 51. Kxb6 h5 52. Kc6 h4 53. Kd7 Qf5+ 54. Kd6 h3 55. Qd2 Qf8+ 56. Kd7 Qf7+ 57. Kd6 Qf8+ 58. Kd7 Qf7+ 59. Kd6 Qxb3 60. e6 Qb4+ 61. Qxb4 axb4 62. e7 h2 63. e8Q h1Q 64. Qe2 Qa8 65. Ke7 Qb7+ 66. Kf8 Qb8+ 67. Kf7 Qf4+ 68. Ke8 Qb8+ 69. Kf7 Qc7+ 70. Ke8 Qc6+ 71. Ke7 Qf6+ 72. Kd7 Qf7+ 73. Kc6 Qf6+ 74. Kb5 Qc3 1/2-1/2

[Event "Saratov Regional-ch"]
[Site "Saratov"]
[Date "2013.06.01"]
[Round "1"]
[White "Guliev, Gasan"]
[Black "Nurdinov, Iliya"]
[Result "1-0"]
[WhiteElo "1985"]
[BlackElo "1951"]
[PlyCount "51"]
[EventDate "2013.06.01"]
[EventType "swiss"]
[EventRounds "9"]
[EventCountry "RUS"]
[SourceTitle "EXT 2014"]
[Source "ChessBase"]
[SourceDate "2013.11.20"]
[SourceVersion "1"]
[SourceVersionDate "2013.11.20"]
[SourceQuality "1"]

1. e4 c5 2. Nf3 d6 3. d4 cxd4 4. Nxd4 Nf6 5. Nc3 g6 6. Be3 Bg7 7. f3 0-0 8. Qd2 Nc6 9. Bc4 Bd7 10. 0-0-0 Qa5 11. Bb3 Rfc8 12. h4 Ne5 13. h5 Nc4 14. Bxc4 Rxc4 15. Nb3 Qa6 16. hxg6 hxg6 17. Bh6 Bh8 18. Bg5 Bg7 19. e5 Ne8 20. Bxe7 Bxe5 21. Kb1 Bf4 22. Nd5 g5 23. Qd3 f5 24. Nxf4 gxf4 25. Qd5+ Kg7 26. Rh7+ 1-0

[Event "Saratov-ch"]
[Site "Saratov"]
[Date "2013.03.06"]
[Round "9"]
[White "Karpenko, Artem"]
[Black "Nurdinov, Iliya"]
[Result "0-1"]
[WhiteElo "2004"]
[BlackElo "1903"]
[PlyCount "148"]
[EventDate "2013.02.25"]
[EventType "swiss"]
[EventRounds "9"]
[EventCountry "RUS"]
[SourceTitle "CBM 153 Extra"]
[Source "ChessBase"]
[SourceDate "2013.04.22"]
[SourceVersion "1"]
[SourceVersionDate "2013.04.22"]
[SourceQuality "1"]

1. e4 d6 2. d4 Nf6 3. Bd3 e5 4. Nf3 Bg4 5. c3 Nc6 6. d5 Ne7 7. h3 Bd7 8. c4 Ng6 9. Nc3 Be7 10. Qb3 Qc8 11. Be3 0-0 12. 0-0-0 Nh5 13. g4 Nhf4 14. Ne2 Nxe2+ 15. Bxe2 c6 16. Kb1 c5 17. Ne1 Rb8 18. Ng2 b5 19. Qc3 bxc4 20. Bxc4 h6 21. f3 Qd8 22. Bf2 Bh4 23. Nxh4 Nxh4 24. Bg3 Qg5 25. Rdf1 Qe7 26. Rh2 Bb5 27. Re2 Bxc4 28. Qxc4 Rb4 29. Qc3 Rfb8 30. Ref2 Ng6 31. Re2 Qg5 32. Rc2 Kh7 33. Qa3 Qe7 34. Be1 R4b5 35. Bg3 R8b7 36. Qc3 Rb4 37. Qa3 Qd7 38. h4 f6 39. h5 Nf8 40. Be1 R4b5 41. Rff2 Qd8 42. Qd3 Kg8 43. Bc3 Nd7 44. Kc1 Qb6 45. Qc4 Rb8 46. Rg2 Qb7 47. b3 a6 48. Rb2 Qa8 49. Rgc2 Rc8 50. a4 Rbb8 51. Ba5 Qb7 52. Kd1 Kf7 53. Qc3 Nb6 54. Bxb6 Qxb6 55. Qc4 Qa5 56. Ke2 Rb4 57. Qc3 Rcb8 58. Ke3 Qb6 59. Kd2 c4 60. Qe3 Qd4+ 61. Ke2 Ke7 62. Kf2 Kd7 63. Ke2 a5 64. Kf2 cxb3 65. Qxd4 exd4 66. Rc6 Rxa4 67. Ra6 Rb7 68. Ke2 Ra1 69. Kd3 a4 70. Kc4 d3 71. Kc3 a3 72. Rxb3 Rxb3+ 73. Kxb3 d2 74. Ra7+ Kc8 0-1

[Event "Saratov-ch"]
[Site "Saratov"]
[Date "2013.03.05"]
[Round "8"]
[White "Gitelson, Arkady"]
[Black "Nurdinov, Iliya"]
[Result "0-1"]
[WhiteElo "1808"]
[BlackElo "1903"]
[PlyCount "132"]
[EventDate "2013.02.25"]
[EventType "swiss"]
[EventRounds "9"]
[EventCountry "RUS"]
[SourceTitle "CBM 153 Extra"]
[Source "ChessBase"]
[SourceDate "2013.04.22"]
[SourceVersion "1"]
[SourceVersionDate "2013.04.22"]
[SourceQuality "1"]

1. d4 e6 2. g3 c5 3. Nf3 cxd4 4. Nxd4 Nc6 5. c4 a6 6. Bg2 Qc7 7. Nc3 Nf6 8. 0-0 Be7 9. e4 0-0 10. Be3 d6 11. Rc1 Nxd4 12. Bxd4 Bd7 13. Qe2 e5 14. Be3 Rac8 15. b3 h6 16. f3 Qa5 17. Qd2 Kh7 18. Qd3 Kg8 19. Qd2 Kh7 20. Qd3 b5 21. f4 bxc4 22. bxc4 Ng4 23. Bd2 Qc5+ 24. Kh1 Bc6 25. Qf3 Nf6 26. Be3 Qa5 27. Nd5 Bxd5 28. exd5 exf4 29. Qxf4 Qd8 30. Bh3 Rb8 31. Rfd1 Ne8 32. Rc2 Bg5 33. Qf5+ g6 34. Bxg5 hxg5 35. Qe4 f5 36. Qd4 Qf6 37. Qxf6 Nxf6 38. Re2 Rfe8 39. Re6 Ne4 40. Re1 Rxe6 41. dxe6 Re8 42. g4 Rxe6 43. Kg2 f4 44. Re2 Nc5 45. Rd2 Kg7 46. Rd5 Kf6 47. Kf2 Ne4+ 48. Kf1 Re5 49. Rd3 Ke6 50. Bg2 Nc5 51. Rh3 Ne4 52. Rd3 Nf6 53. h3 Ra5 54. a3 Ke5 55. Ke2 Rc5 56. Rc3 d5 57. Kd3 Ne4 58. Bxe4 dxe4+ 59. Ke2 Kd4 60. Rb3 Rxc4 61. Rb6 f3+ 62. Kf2 Rc2+ 63. Kf1 e3 64. Rb1 Kd3 65. Rd1+ Rd2 66. Rb1 Kc2 0-1

[Event "Saratov-ch"]
[Site "Saratov"]
[Date "2013.03.04"]
[Round "7"]
[White "Nurdinov, Iliya"]
[Black "Brekhov, Denis"]
[Result "1-0"]
[WhiteElo "1903"]
[BlackElo "1989"]
[PlyCount "109"]
[EventDate "2013.02.25"]
[EventType "swiss"]
[EventRounds "9"]
[EventCountry "RUS"]
[SourceTitle "CBM 153 Extra"]
[Source "ChessBase"]
[SourceDate "2013.04.22"]
[SourceVersion "1"]
[SourceVersionDate "2013.04.22"]
[SourceQuality "1"]

1. d4 e6 2. Nf3 f5 3. g3 Nf6 4. Bg2 d5 5. 0-0 Bd6 6. c4 c6 7. b3 Qe7 8. a4 a5 9. Ba3 Na6 10. Bxd6 Qxd6 11. Nc3 0-0 12. Ne5 Nb4 13. Na2 Nxa2 14. Rxa2 Nd7 15. Nxd7 Bxd7 16. e3 Rf6 17. Qd2 Kh8 18. f4 Rff8 19. c5 Qc7 20. Rb1 Rfb8 21. b4 axb4 22. Qxb4 Qa5 23. Bf3 Qxb4 24. Rxb4 Ra5 25. h4 Kg8 26. h5 Kf7 27. Rb6 Bc8 28. Bd1 Rba8 29. Rab2 R8a6 30. Rxa6 Rxa6 31. Kf1 Ra7 32. Ke1 Ke7 33. Kd2 Bd7 34. Kc3 Bc8 35. Kb4 Bd7 36. a5 Bc8 37. Be2 Kd7 38. Bd3 Ke7 39. Rb1 h6 40. g4 fxg4 41. Rg1 Kf8 42. Rxg4 e5 43. Rg6 e4 44. Be2 Bd7 45. Rg1 Ra8 46. Rb1 Re8 47. a6 bxa6 48. Ka5 Ke7 49. Rb7 Rd8 50. Bg4 Ke8 51. Rxd7 Rxd7 52. Bxd7+ Kxd7 53. Kxa6 Ke6 54. Kb6 Kf5 55. Kxc6 1-0

[Event "Saratov-ch"]
[Site "Saratov"]
[Date "2013.02.28"]
[Round "4"]
[White "Protopopova, Anastasiya"]
[Black "Nurdinov, Iliya"]
[Result "1/2-1/2"]
[WhiteElo "1897"]
[BlackElo "1903"]
[PlyCount "50"]
[EventDate "2013.02.25"]
[EventType "swiss"]
[EventRounds "9"]
[EventCountry "RUS"]
[SourceTitle "CBM 153 Extra"]
[Source "ChessBase"]
[SourceDate "2013.04.22"]
[SourceVersion "1"]
[SourceVersionDate "2013.04.22"]
[SourceQuality "1"]

1. Nf3 Nf6 2. d4 e6 3. c4 Bb4+ 4. Bd2 Qe7 5. Qc2 Nc6 6. g3 0-0 7. Bg2 Bxd2+ 8. Nbxd2 d6 9. 0-0 a5 10. e4 e5 11. d5 Nb8 12. a3 a4 13. Ne1 Nbd7 14. Nd3 b6 15. Rae1 Nc5 16. Nxc5 bxc5 17. f4 exf4 18. gxf4 Nh5 19. e5 Qh4 20. e6 Nxf4 21. exf7+ Kh8 22. Re8 Bd7 23. Rxa8 Ne2+ 24. Kh1 Ng3+ 25. Kg1 Ne2+ 1/2-1/2

[Event "Saratov Summer Cup SSEU 3st stage"]
[Site "Saratov"]
[Date "2012.07.26"]
[Round "4.4"]
[White "Nurdinov, Iliya"]
[Black "Chekmareva, Liya"]
[Result "0-1"]
[WhiteElo "1862"]
[BlackElo "1762"]
[PlyCount "72"]
[EventDate "2012.07.23"]
[EventType "swiss"]
[EventRounds "7"]
[EventCountry "RUS"]
[SourceTitle "EXT 2022"]
[Source "ChessBase"]
[SourceDate "2021.10.06"]
[SourceVersion "1"]
[SourceVersionDate "2021.10.06"]
[SourceQuality "1"]

1. e4 c5 2. Nc3 e6 3. Bc4 Nc6 4. Nf3 a6 5. a4 Qc7 6. 0-0 Nge7 7. d3 Ng6 8. Be3 Be7 9. Qd2 0-0 10. Ne1 Nce5 11. h3 Nxc4 12. dxc4 b6 13. f4 Bb7 14. Nd3 f5 15. exf5 Rxf5 16. Ne2 Nh4 17. Ne1 Rf6 18. Rf2 Rd8 19. c3 Rg6 20. f5 Nxf5 21. Nf4 Rg3 22. Nc2 Nxe3 23. Nxe3 Bg5 24. Raf1 h6 25. Qe2 Bxf4 26. Rxf4 Qe5 27. R4f3 Bxf3 28. Rxf3 Rxf3 29. Qxf3 Rf8 30. Qe2 Rf4 31. Qd2 Re4 32. Nf1 d5 33. cxd5 exd5 34. Qd3 c4 35. Qf3 Rf4 36. Qg3 Rxf1+ 0-1

[Event "Saratov Summer Cup SSEU 3st stage"]
[Site "Saratov"]
[Date "2012.07.24"]
[Round "2.5"]
[White "Nurdinov, Iliya"]
[Black "Gagarkine, Nikolay"]
[Result "1/2-1/2"]
[WhiteElo "1862"]
[BlackElo "1929"]
[PlyCount "94"]
[EventDate "2012.07.23"]
[EventType "swiss"]
[EventRounds "7"]
[EventCountry "RUS"]
[SourceTitle "EXT 2022"]
[Source "ChessBase"]
[SourceDate "2021.10.06"]
[SourceVersion "1"]
[SourceVersionDate "2021.10.06"]
[SourceQuality "1"]

1. d4 g6 2. e4 Bg7 3. Nc3 c6 4. Bc4 b5 5. Bb3 a5 6. a4 b4 7. Nce2 e6 8. Be3 Ne7 9. Qd2 d5 10. e5 Nf5 11. Nf3 Nd7 12. Ng3 Nxe3 13. fxe3 Ba6 14. Rc1 c5 15. c4 bxc3 16. bxc3 0-0 17. Ne2 Rb8 18. Bc2 Rb2 19. Rb1 Rxb1+ 20. Bxb1 Qc8 21. Bd3 Bxd3 22. Qxd3 c4 23. Qc2 Qb7 24. Nf4 Rb8 25. Kd2 Bh6 26. g4 Bxf4 27. exf4 Qb3 28. h4 Qa3 29. Rb1 Rb3 30. f5 Nb6 31. h5 Nxa4 32. hxg6 hxg6 33. fxe6 Rxb1 34. exf7+ Kxf7 35. Qxb1 Qxc3+ 36. Ke2 Qb3 37. Ng5+ Kg7 38. Ne6+ Kf7 39. Ng5+ Ke7 40. Qxg6 Nc3+ 41. Kf2 Qb2+ 42. Kg3 Ne4+ 43. Nxe4 dxe4 44. Qd6+ Ke8 45. Qg6+ Kd8 46. Qd6+ Ke8 47. Qc6+ Ke7 1/2-1/2

[Event "Saratov-ch"]
[Site "Saratov"]
[Date "2012.02.29"]
[Round "5"]
[White "Nurdinov, Iliya"]
[Black "Telnov, Vladimir"]
[Result "1-0"]
[WhiteElo "1801"]
[BlackElo "2393"]
[PlyCount "79"]
[EventDate "2012.02.24"]
[EventType "swiss"]
[EventRounds "9"]
[EventCountry "RUS"]
[SourceTitle "CBM 147 Extra"]
[Source "ChessBase"]
[SourceDate "2012.04.24"]
[SourceVersion "1"]
[SourceVersionDate "2012.04.24"]
[SourceQuality "1"]

1. e4 e5 2. Nc3 Nf6 3. g3 Nc6 4. Bg2 Be7 5. d3 d6 6. Nge2 0-0 7. 0-0 Be6 8. f4 Bg4 9. h3 Bxe2 10. Nxe2 Re8 11. g4 g6 12. Be3 Bf8 13. Ng3 d5 14. g5 d4 15. fxe5 Nxe5 16. gxf6 dxe3 17. b3 c5 18. Qe2 Bh6 19. Rad1 Re6 20. c3 Nc6 21. Qg4 Ne5 22. Qh4 e2 23. Nxe2 Be3+ 24. Kh2 Nxd3 25. Qg3 Qd6 26. Qxd6 Rxd6 27. Rf3 Bg5 28. Rfxd3 Rxf6 29. Rd8+ Rxd8 30. Rxd8+ Kg7 31. Rd7 Rf2 32. Ng3 Bf4 33. a3 h5 34. h4 g5 35. Kh3 g4+ 36. Kh2 Rc2 37. Rd3 b5 38. Kg1 c4 39. bxc4 bxc4 40. Nxh5+ 1-0

[Event "Saratov-ch"]
[Site "Saratov"]
[Date "2012.02.25"]
[Round "2"]
[White "Tatarinov, Andrey"]
[Black "Nurdinov, Iliya"]
[Result "0-1"]
[WhiteElo "1671"]
[BlackElo "1801"]
[PlyCount "160"]
[EventDate "2012.02.24"]
[EventType "swiss"]
[EventRounds "9"]
[EventCountry "RUS"]
[SourceTitle "CBM 147 Extra"]
[Source "ChessBase"]
[SourceDate "2012.04.24"]
[SourceVersion "1"]
[SourceVersionDate "2012.04.24"]
[SourceQuality "1"]

1. d4 c5 2. e3 d5 3. f4 e6 4. Nf3 f5 5. c3 Nf6 6. Bd3 Be7 7. 0-0 0-0 8. b3 Nc6 9. Bb2 Qc7 10. Qc2 Rb8 11. c4 cxd4 12. Nxd4 Nxd4 13. exd4 Ne4 14. Nc3 Bf6 15. Nb5 Qd7 16. cxd5 Qxd5 17. Qc4 a6 18. Qxd5 exd5 19. Na3 Be6 20. Nc2 Rfc8 21. Ne1 g5 22. g3 g4 23. Nc2 Nc3 24. Rfe1 Kf7 25. Re3 Ne4 26. Rae1 h5 27. Kg2 Rc7 28. Ba3 Rbc8 29. Bc5 Bd7 30. b4 Rb8 31. R1e2 Ke6 32. Bxe4 fxe4 33. f5+ Kxf5 34. Bd6 Rbc8 35. Bxc7 Rxc7 36. Rf2+ Kg6 37. Re1 Ba4 38. Ree2 Bb5 39. Re1 Bd3 40. Na3 Bxd4 41. Rf8 Bb2 42. Nb1 Bg7 43. Rf2 d4 44. Rd2 Bh6 45. Rb2 e3 46. Rd1 Be4+ 47. Kf1 d3 48. Re1 e2+ 49. Rbxe2 dxe2+ 50. Kxe2 Bxb1 51. Rxb1 Rc2+ 52. Kd3 Rxh2 53. Re1 Bf8 54. Re6+ Kf5 55. Rb6 Rxa2 56. Rxb7 Kg6 57. Rb6+ Kh7 58. Rb7+ Kg8 59. Ke4 Rf2 60. Rb6 Kg7 61. Rxa6 Bxb4 62. Ra7+ Kg6 63. Ra6+ Rf6 64. Ra8 Bd6 65. Rg8+ Kh7 66. Rg5 Kh6 67. Rg8 Bxg3 68. Rh8+ Kg5 69. Rg8+ Rg6 70. Rf8 h4 71. Rf5+ Kh6 72. Rf1 h3 73. Kf5 Rg5+ 74. Kf6 Be5+ 75. Ke6 h2 76. Kf7 g3 77. Rc1 g2 78. Rc6+ Kh5 79. Rc3 Bxc3 80. Kf8 g1Q 0-1

[Event "Saratov Winter Cup school"]
[Site "Saratov"]
[Date "2011.12.28"]
[Round "4.4"]
[White "Nurdinov, Iliya"]
[Black "Rjanova, Valery"]
[Result "0-1"]
[WhiteElo "1807"]
[BlackElo "2223"]
[PlyCount "38"]
[EventDate "2011.12.26"]
[EventType "swiss"]
[EventRounds "9"]
[EventCountry "RUS"]
[SourceTitle "EXT 2022"]
[Source "ChessBase"]
[SourceDate "2021.10.06"]
[SourceVersion "1"]
[SourceVersionDate "2021.10.06"]
[SourceQuality "1"]

1. e4 c5 2. Nc3 g6 3. Nf3 Bg7 4. d4 cxd4 5. Nxd4 Nc6 6. Be3 Nf6 7. Nxc6 bxc6 8. e5 Ng8 9. f4 Nh6 10. Ne4 0-0 11. Bc4 d5 12. exd6 Bf5 13. Nc3 exd6 14. 0-0 d5 15. Nxd5 cxd5 16. Bxd5 Rb8 17. Bxa7 Rxb2 18. c4 Qa5 19. Bd4 Rd2 0-1

[Event "Saratov 08"]
[Site "Saratov"]
[Date "2011.08.24"]
[Round "11"]
[White "Sayapin, Dmitry"]
[Black "Nurdinov, Iliya"]
[Result "1/2-1/2"]
[WhiteElo "1684"]
[BlackElo "1802"]
[PlyCount "37"]
[EventDate "2011.08.14"]
[EventType "tourn"]
[EventRounds "11"]
[EventCountry "RUS"]
[SourceTitle "CBM 144 Extra"]
[Source "ChessBase"]
[SourceDate "2011.10.28"]
[SourceVersion "1"]
[SourceVersionDate "2011.10.28"]
[SourceQuality "1"]

1. e4 e6 2. d4 d5 3. exd5 exd5 4. Bf4 Bf5 5. Bd3 Bxd3 6. Qxd3 Bd6 7. Bxd6 Qxd6 8. Nf3 Nf6 9. 0-0 0-0 10. c3 Ne4 11. Nbd2 Nxd2 12. Qxd2 c6 13. Ne5 Nd7 14. Nxd7 Qxd7 15. Rfe1 Rfe8 16. Rxe8+ Rxe8 17. Re1 Rxe1+ 18. Qxe1 Kf8 19. Kf1 1/2-1/2

[Event "Saratov op"]
[Site "Saratov"]
[Date "2011.08.09"]
[Round "9"]
[White "Kruzhilin, Aleksey"]
[Black "Nurdinov, Iliya"]
[Result "0-1"]
[WhiteElo "1896"]
[BlackElo "1802"]
[PlyCount "118"]
[EventDate "2011.07.28"]
[EventType "swiss"]
[EventRounds "9"]
[EventCountry "RUS"]
[SourceTitle "EXT 2012"]
[Source "ChessBase"]
[SourceDate "2011.11.24"]
[SourceVersion "1"]
[SourceVersionDate "2011.11.24"]
[SourceQuality "1"]

1. d4 Nf6 2. Nf3 e6 3. c4 b6 4. Nc3 Bb4 5. Bg5 Bb7 6. Qb3 Be7 7. e3 0-0 8. Be2 h6 9. Bf4 d6 10. 0-0 Nh5 11. Bg3 Nxg3 12. hxg3 Nd7 13. Rad1 Nf6 14. Rfe1 Ne4 15. Bd3 Nxc3 16. Qxc3 Bf6 17. Bb1 g6 18. e4 Bg7 19. Qc2 Qe7 20. a3 a5 21. Qb3 Rfd8 22. d5 e5 23. Bc2 Bc8 24. Qd3 a4 25. Nd2 Rf8 26. Nb1 Bd7 27. Nc3 Ra5 28. Rc1 h5 29. Rb1 Bh6 30. Qd1 Qe8 31. Bd3 Qe7 32. Bc2 Rfa8 33. Bd3 Bg4 34. Be2 Bd7 35. Bd3 Qf8 36. Rf1 Qg7 37. Re1 Qf6 38. Rf1 Qg5 39. Re1 Kh8 40. Rf1 Rg8 41. Bc2 f5 42. exf5 gxf5 43. Qd3 Qf6 44. Ne2 Qg7 45. Rbd1 Bg5 46. Rb1 Rc5 47. b3 axb3 48. Rxb3 e4 49. Qc3 Bf6 50. Qd2 Rxc4 51. Rb4 Rxb4 52. Qxb4 h4 53. Qd2 Bg5 54. Qb4 hxg3 55. Nxg3 Bf4 56. Qb3 e3 57. fxe3 Bxg3 58. Rf3 Bh2+ 59. Kxh2 Qxg2# 0-1